000 00997nam a22001577a 4500
008 160218b xxu||||| |||| 00| 0 eng d
020 _a019511602x
050 _aRC931.073.L366
100 _aLane,nancy E
245 _aThe osteoporosis book ./
_cNancy E.Lane
260 _aOxford.:
_bOxford university,
_c1999.
300 _axvi,206 p .:
_bill,
_c22 cm.
500 _aincludes index
505 _aContents: Understanding the life cycle of bone -- Who is at risk of development osteoporosis -- How do we diagnose osteoporosis -- Bone fractures and osteoporosis -- Do men get osteoporosis -- Preventing of osteoporosis and management of menopause with hormone replacement therapy -- Medications other than hormones to prevent and treat osteoporosis -- The role of vitamin D -- Exercise,bone health,and osteoporosis -- Bone-building agents: are there any ''magic bullets'' -- Prevention and treatment of secondary osteoporosis -- Treating the pains and problems of osteoporosis
942 _2lcc
_cBK
999 _c5898
_d13398